Management Information Systems: Managing the Digital Firm / (Record no. 613584)

000 -LEADER
fixed length control field 00464nam a22001457a 4500
020 ## - INTERNATIONAL STANDARD BOOK NUMBER
International Standard Book Number 978-9673498451
082 ## - DEWEY DECIMAL CLASSIFICATION NUMBER
Classification number 658.4038011
Author Mark LAU
100 ## - MAIN ENTRY--PERSONAL NAME
Personal name Laudon, Kenneth C.
245 ## - TITLE STATEMENT
Title Management Information Systems: Managing the Digital Firm /
Statement of responsibility, etc. Kenneth C. Laudon and Jane P. Laudon
250 ## - EDITION STATEMENT
Edition statement 16th Edition (Global Edition)
260 ## - PUBLICATION, DISTRIBUTION, ETC.
Place of publication, distribution, etc. India:
Name of publisher, distributor, etc. Pearson Education Limited ,
Date of publication, distribution, etc. 2020.
300 ## - PHYSICAL DESCRIPTION
Extent xxxi, 648p. :
Dimensions 25cm
563 ## - BINDING INFORMATION
Binding note PB
942 ## - ADDED ENTRY ELEMENTS (KOHA)
Source of classification or shelving scheme
Koha item type Book
Holdings
Withdrawn status Lost status Source of classification or shelving scheme Damaged status Not for loan Permanent Location Current Location Date acquired Source of acquisition Cost, normal purchase price Total Checkouts Total Renewals Full call number Barcode Date last seen Date last checked out Price effective from Koha item type
          Central Library (CL) Central Library (CL) 04/13/2025 Progressive International Agencies (PVT) 3538.80 1 2 658.4038011 LAU CL-1681 12/09/2025 09/17/2025 04/16/2025 Book
          Central Library (CL) Central Library (CL) 04/13/2025 Pak Books 3691.67 1   658.4038011 LAU CL-1688 10/07/2025 09/11/2025 04/16/2025 Book
© 2023 Central Library, National University of Sciences and Technology. All Rights Reserved.